Une plate-forme - une activité - Statistiques

Statistiques générales
  • Ce quiz a été pris 20 fois
    18 depuis la dernière actualisation
  • Le résultat moyen est 9 sur 11
Statistiques - réponses
Hint Réponse % Correct
Navigation Web Brave / Chrome / Firefox / Samsung Internet / Safari / Opera / Opera GX / Microsoft Edge
100%
IA - Effectuent des recherches ChatGPT / Perplexity / Copilot / Gemini / Sider
100%
IA - Génératrice d’images ChatGPT / Perplexity / Copilot / Gemini / Sider / SeaArt Ai
100%
Moteurs de recherche Google / DuckDuckGo / Yahoo / Qwant / Bing / Wikipedia / Startpage / Ecosia
100%
Streaming - Films Netflix / Prime Video / Disney + / Xalaflix / YouTube
100%
Réseaux Sociaux Snapchat / Instagram / TikTok / Facebook / X / Threads / Discord
100%
Streaming - Musiques Spotify / Deezer / Shazam / Apple Music / Amazon Music / YouTube Music
100%
Streaming - Vidéos / Stream YouTube / Dailymotion / Twitch
100%
Distribution Numérique (apps) Play Store / Apple Store
71%
Navigation Maps / Waze / GeoVelo / Strava / Mappy
41%
IA - Génératrice de vidéos Gemini / In Video
6%
Aucun quiz correspondant
Distribution des résultats
% des personnes avec chaque résultat
Percentile par nombre de réponses
Votre historique - résultats
Vous n’avez pas pris ce quiz depuis la dernière actualisation